000 00943nas a2200313 4500
001 BR0703744
003 BR-BrBNA
005 20231205110935.0
007 ta
008 230509b bl.|||p| |||| 00| 00por d
040 _aBR-BrBNA
_bpor
_cBiblioteca Nacional de Agricultura
041 _a(Pt)
072 _aQ04
100 1 _aGutkoski, L.C.
100 1 _aBonamigo, J.M. de A.
100 1 _aTeixeira, D.M. de F.
100 1 _aPedó, I.
245 1 _aDesenvolvimento de barras de cereais à base de aveia com alto teor de fibra alimentar
650 _aAVEIA
650 _aCEREAL
650 _aVALOR NUTRITIVO
650 _aCALORIA
650 _aALIMENTO PREPARADO
650 _aANÁLISE QUÍMICA
650 _aANÁLISE ESTATÍSTICA
773 0 _tCiência e Tecnologia de Alimentos (Brazil)
_xISSN 0101-2061
_g(Apr-Jun 2007), v. 27(2) p. 355-363
_wBR0703744
909 _a202311
_bLúcia
_c55
_dLúcia Elande
942 _2AGRIS
_n0
_cANA
999 _c189855
_d189855